000 00456nam a22001457a 4500
008 230331b |||||||| |||| 00| 0 eng d
020 _a978-0-06-285220-5
082 _a813.54
100 _aEric Barker
245 _aBarking Up the Wrong Tree:
_bthe surprising science behind why everything you know about success is (mostly) wrong
260 _bHarper Collin,
_c2017
300 _a307 p.
_c20.5 cm
942 _2ddc
999 _c9445
_d9446